[Event "Oberliga Ost A"]
[Site "?"]
[Date "2022.07.10"]
[Round "7.6"]
[White "Hoffmann, Simon"]
[Black "Richter, Dustin"]
[Result "0-1"]
[WhiteElo "1863"]
[BlackElo "2169"]
[PlyCount "130"]
[EventDate "2021.10.10"]
[EventType "team-tourn"]
[EventCountry "GER"]
[WhiteTeam "Magdeburg SV Rochade"]
[BlackTeam "Sangerhausen SV"]
[WhiteTeamCountry "GER"]
[BlackTeamCountry "GER"]

1. e4 g6 2. Nc3 Bg7 3. g3 c5 4. Bg2 Nc6 5. d3 d6 6. Be3 e6 7. Qd2 Nd4 8. Nd1
Rb8 9. c3 Nc6 10. Ne2 b5 11. O-O Nge7 12. Bh6 O-O 13. Bxg7 Kxg7 14. Ne3 Qc7 15.
Ng4 Ng8 16. f4 f5 17. exf5 exf5 18. Ne3 Nf6 19. Nd5 Nxd5 20. Bxd5 Ne7 21. Bg2
Bb7 22. Rae1 Rbe8 23. Bxb7 Qxb7 24. Kf2 Nd5 25. Ng1 Nf6 26. Nf3 Qd5 27. Rxe8
Rxe8 28. Re1 Rxe1 29. Qxe1 Kf8 30. Ng5 Qxd3 31. Ne6+ Kg8 32. Nxc5 Qc4 33. Qe6+
Qxe6 34. Nxe6 Nd5 35. Nd4 a6 36. Nc6 Kf7 37. Ke2 h6 38. Kd3 g5 39. fxg5 hxg5
40. Kd4 Nc7 41. Ke3 Kf6 42. Nd4 Nd5+ 43. Kf3 Nb6 44. b3 Nd5 45. Ne2 g4+ 46. Kf2
Ke5 47. a4 bxa4 48. bxa4 Nb6 49. a5 Nc4 50. Nc1 Ke4 51. Nb3 Kd3 52. Nd4 Kxc3
53. Nxf5 d5 54. Nh6 Ne5 55. Ke3 d4+ 56. Kf4 d3 57. Kxe5 d2 58. Nxg4 d1=Q 59.
Kf4 Qd4+ 60. Kf3 Qd5+ 61. Kf4 Qxa5 62. h4 Qc7+ 63. Kf3 a5 64. Ne3 Qf7+ 65. Kg4
a4 0-1

[Event "Oberliga Ost A"]
[Site "?"]
[Date "2022.07.10"]
[Round "7.7"]
[White "Markus, Nico"]
[Black "Kuna, Ralf Michael"]
[Result "0-1"]
[WhiteElo "1709"]
[BlackElo "2106"]
[PlyCount "98"]
[EventDate "2021.10.10"]
[EventType "team-tourn"]
[EventCountry "GER"]
[WhiteTeam "Sangerhausen SV"]
[BlackTeam "Magdeburg SV Rochade"]
[WhiteTeamCountry "GER"]
[BlackTeamCountry "GER"]

1. e4 c6 2. d4 d5 3. exd5 cxd5 4. Nf3 Nc6 5. c3 Bg4 6. Be2 Bxf3 7. Bxf3 e6 8.
Bf4 Bd6 9. Bxd6 Qxd6 10. Nd2 Nf6 11. Qe2 O-O 12. O-O a6 13. Rfe1 b5 14. a3 Na5
15. b4 Nc4 16. Nxc4 bxc4 17. a4 Nd7 18. Qd2 Rad8 19. Rad1 a5 20. b5 Nb6 21. Qa2
Rfe8 22. Re2 f6 23. g3 g6 24. Bg2 Kg7 25. f4 e5 26. fxe5 fxe5 27. Rde1 e4 28.
Bh3 Rf8 29. Rf1 Rxf1+ 30. Kxf1 Rf8+ 31. Rf2 Rxf2+ 32. Kxf2 Qf6+ 33. Kg1 h5 34.
Qa3 Qf8 35. Qa2 Qe7 36. Kf1 Qf6+ 37. Kg1 g5 38. Qa3 Qf8 39. Qa2 Kg6 40. Bg2 Qf6
41. Qc2 Kh6 42. h3 Qd6 43. h4 Qxg3 44. hxg5+ Qxg5 45. Qf2 Kg7 46. Kh2 h4 47.
Qa2 Qg3+ 48. Kh1 Qe1+ 49. Kh2 Qxc3 0-1

[Event "Oberliga Ost A"]
[Site "?"]
[Date "2022.07.10"]
[Round "7.8"]
[White "Schwarz, Hans"]
[Black "Lehnert, Stefan"]
[Result "1-0"]
[WhiteElo "1837"]
[BlackElo "1805"]
[PlyCount "101"]
[EventDate "2021.10.10"]
[EventType "team-tourn"]
[EventCountry "GER"]
[WhiteTeam "Magdeburg SV Rochade"]
[BlackTeam "Sangerhausen SV"]
[WhiteTeamCountry "GER"]
[BlackTeamCountry "GER"]

1. e4 d5 2. exd5 Nf6 3. Nc3 Nxd5 4. Nxd5 Qxd5 5. Nf3 Bg4 6. Be2 e5 7. d3 Nc6 8.
O-O f5 9. Re1 O-O-O 10. h3 Bxf3 11. Bxf3 e4 12. dxe4 Qxd1 13. Bxd1 Re8 14. c3
Bc5 15. Ba4 Rxe4 16. Rxe4 fxe4 17. Bxc6 bxc6 18. Bf4 Rf8 19. Bg3 Rd8 20. Re1
Rd2 21. b4 Bd6 22. Bxd6 cxd6 23. Rxe4 Kd7 24. a4 a5 25. bxa5 Rd5 26. Rg4 g6 27.
Rf4 Ke7 28. Rb4 Rxa5 29. Kf1 h5 30. Ke2 Rd5 31. Rd4 Rg5 32. g3 Re5+ 33. Kd3 Ra5
34. f4 d5 35. Rb4 Kd6 36. g4 h4 37. Kc2 c5 38. Rb6+ Kd7 39. Rxg6 Rxa4 40. Rh6
Rxf4 41. Rxh4 Kd6 42. Rh5 Rf3 43. h4 Rg3 44. Rg5 Rg2+ 45. Kb3 Rg3 46. h5 d4 47.
h6 Rxc3+ 48. Kb2 Re3 49. h7 Re2+ 50. Kc1 Re8 51. Rg8 1-0

[Event "Oberliga Ost A"]
[Site "?"]
[Date "2022.06.25"]
[Round "8.1"]
[White "Pulpan, Jakub"]
[Black "Engelmann, Jakob"]
[Result "1-0"]
[WhiteElo "2415"]
[BlackElo "2272"]
[PlyCount "95"]
[EventDate "2021.10.10"]
[EventType "team-tourn"]
[EventCountry "GER"]
[WhiteTeam "Aue ESV Nickelhuette"]
[BlackTeam "Sangerhausen SV"]
[WhiteTeamCountry "GER"]
[BlackTeamCountry "GER"]

1. e4 c6 2. Nf3 d5 3. d3 Bg4 4. h3 Bh5 5. Qe2 e6 6. g4 Bg6 7. Bg2 Nf6 8. Nbd2
Be7 9. Ne5 Nfd7 10. Nxg6 hxg6 11. O-O Nc5 12. Nb3 Nbd7 13. Re1 dxe4 14. dxe4 e5
15. f4 Nxb3 16. axb3 Bc5+ 17. Kh1 Qh4 18. b4 Bb6 19. Be3 exf4 20. Bxf4 Qf6 21.
Rf1 Qxb2 22. Rab1 Qa2 23. Rb3 O-O 24. Bd6 Rfe8 25. Qc4 Re6 26. Rxf7 Qxb3 27.
Qxb3 Kxf7 28. Bf1 Rae8 29. Bc4 Bd4 30. b5 Nb6 31. Bxe6+ Rxe6 32. bxc6 bxc6 33.
e5 Nd5 34. Qf3+ Nf6 35. g5 Bxe5 36. Bxe5 Rxe5 37. gxf6 Re6 38. fxg7+ Kxg7 39.
c4 Rf6 40. Qa3 Re6 41. Qxa7+ Kf6 42. Qd4+ Kf7 43. Kg2 g5 44. Kf3 Kg6 45. Kg4
Rf6 46. Qe4+ Kh6 47. Qe5 Rf4+ 48. Qxf4 1-0

[Event "Oberliga Ost A"]
[Site "?"]
[Date "2022.06.25"]
[Round "8.2"]
[White "Hellwig, Tobias"]
[Black "Cerveny, Martin"]
[Result "0-1"]
[WhiteElo "2211"]
[BlackElo "2400"]
[PlyCount "120"]
[EventDate "2021.10.10"]
[EventType "team-tourn"]
[EventCountry "GER"]
[WhiteTeam "Sangerhausen SV"]
[BlackTeam "Aue ESV Nickelhuette"]
[WhiteTeamCountry "GER"]
[BlackTeamCountry "GER"]

1. d4 d6 2. Nf3 Nd7 3. e4 e5 4. c3 Ngf6 5. Bd3 g6 6. O-O Bg7 7. Bg5 h6 8. Bh4
O-O 9. Nbd2 c6 10. Re1 Qc7 11. Rc1 Re8 12. b4 Nh5 13. Nb3 b6 14. Bc4 Bb7 15.
dxe5 Nxe5 16. Nxe5 dxe5 17. Qg4 Nf4 18. Rcd1 Bc8 19. Qf3 h5 20. h3 Bh6 21. Qg3
Kh7 22. Bf6 g5 23. h4 g4 24. Nc1 Be6 25. Bf1 Kg6 26. Bg5 Bxg5 27. hxg5 h4 28.
Qe3 Rh8 29. g3 hxg3 30. fxg3 Nh3+ 31. Bxh3 Rxh3 32. Rf1 Rah8 33. Rf6+ Kg7 34.
Rh6 R8xh6 35. gxh6+ Rxh6 36. Rd2 f6 37. a3 Kg6 38. Nd3 Rh8 39. Rh2 Rxh2 40.
Kxh2 Qc8 41. Qe2 Qh8+ 42. Kg1 Qh3 43. Qf2 Kg7 44. a4 Qh6 45. Qe1 Qh8 46. Nf2
Qc8 47. Qe2 c5 48. Kg2 cxb4 49. cxb4 a5 50. bxa5 bxa5 51. Qd2 Qc7 52. Kh2 Qc5
53. Kg2 Qa3 54. Nd3 Kg6 55. Qc2 Qa1 56. Nf2 Qd4 57. Qe2 Qxa4 58. Nxg4 Qa2 59.
Qxa2 Bxa2 60. Kf3 a4 0-1

[Event "Oberliga Ost A"]
[Site "?"]
[Date "2022.06.25"]
[Round "8.5"]
[White "Jurasek, Miroslav"]
[Black "Guenther, Christian"]
[Result "1-0"]
[WhiteElo "2219"]
[BlackElo "2144"]
[PlyCount "61"]
[EventDate "2021.10.10"]
[EventType "team-tourn"]
[EventCountry "GER"]
[WhiteTeam "Aue ESV Nickelhuette"]
[BlackTeam "Sangerhausen SV"]
[WhiteTeamCountry "GER"]
[BlackTeamCountry "GER"]

1. Nf3 Nf6 2. g3 d5 3. Bg2 g6 4. c4 c6 5. O-O Bg7 6. Na3 O-O 7. h3 Re8 8. d4 a6
9. Qb3 b5 10. cxb5 axb5 11. Nc2 Nbd7 12. Nb4 Bb7 13. Be3 Ra4 14. Rfc1 Qa8 15.
a3 Ne4 16. Qd1 e5 17. dxe5 Nxe5 18. Nxe5 Bxe5 19. Rc2 Bd6 20. b3 Rxa3 21. Rxa3
Qxa3 22. Nxc6 Nxg3 23. Bxd5 Nf5 24. Bc1 Qa1 25. e4 Bxc6 26. Rxc6 Bb4 27. Qf3
Bd6 28. exf5 Re1+ 29. Kg2 Qe5 30. Rc8+ Kg7 31. f6+ 1-0

[Event "Oberliga Ost A"]
[Site "?"]
[Date "2022.06.25"]
[Round "8.7"]
[White "Poessel, Christian"]
[Black "Richter, Dustin"]
[Result "0-1"]
[WhiteElo "1991"]
[BlackElo "2174"]
[PlyCount "104"]
[EventDate "2021.10.10"]
[EventType "team-tourn"]
[EventCountry "GER"]
[WhiteTeam "Aue ESV Nickelhuette"]
[BlackTeam "Sangerhausen SV"]
[WhiteTeamCountry "GER"]
[BlackTeamCountry "GER"]

1. d4 Nf6 2. Nf3 g6 3. c4 Bg7 4. Nc3 c5 5. g3 O-O 6. Bg2 cxd4 7. Nxd4 Nc6 8.
Nc2 d6 9. O-O Bd7 10. e4 Rc8 11. Rb1 a6 12. b3 Na5 13. a4 Ng4 14. Nd5 b5 15.
cxb5 axb5 16. b4 Nc4 17. a5 Nf6 18. Bg5 Nxd5 19. exd5 h6 20. Be3 Bf5 21. Nd4
Bxb1 22. Qxb1 Nxe3 23. fxe3 Bxd4 24. exd4 Qc7 25. Qe4 Kg7 26. Rf2 f5 27. Qe2
Rb8 28. Bf1 Rf7 29. Qb2 Qb7 30. Qb3 Qa7 31. Qc3 Rff8 32. Qe3 Qc7 33. Bd3 Qd7
34. Re2 Rf7 35. Qf3 Qa7 36. Qe3 Qb7 37. g4 Qxd5 38. gxf5 gxf5 39. Rg2+ Kh7 40.
Bc2 e6 41. Bb3 Qe4 42. Qxe4 fxe4 43. Bxe6 Rf4 44. Bd5 e3 45. a6 Rxd4 46. Bf3
Rxb4 47. Ra2 Rg8+ 48. Kf1 Rf4 49. Ke2 Rg2+ 50. Bxg2 Rf2+ 51. Kxe3 Rxa2 52. Bb7
Ra4 0-1

[Event "Oberliga Ost A"]
[Site "?"]
[Date "2022.03.05"]
[Round "8.1"]
[White "Belous, Mikhail"]
[Black "Stolz, Mike"]
[Result "1-0"]
[WhiteElo "2362"]
[BlackElo "2339"]
[PlyCount "91"]
[EventDate "2021.10.10"]
[EventType "team-tourn"]
[EventCountry "GER"]
[WhiteTeam "Dessau SK"]
[BlackTeam "Magdeburg SV Rochade"]
[WhiteTeamCountry "GER"]
[BlackTeamCountry "GER"]

1. d4 Nf6 2. c4 c5 3. d5 e6 4. Nc3 exd5 5. cxd5 d6 6. e4 g6 7. f3 Bg7 8. Bg5
O-O 9. Qd2 a6 10. a4 Nbd7 11. Nh3 Re8 12. Be2 Qc7 13. Nf2 c4 14. O-O Rb8 15.
Rfc1 b5 16. axb5 axb5 17. b4 Nf8 18. Ra5 Bd7 19. Rca1 h5 20. Bf4 Rb7 21. Ra6
Rb6 22. Ra7 Qb8 23. R1a3 N6h7 24. Be3 Rb7 25. R7a6 Qc7 26. Bd4 Reb8 27. Bxg7
Kxg7 28. Qd4+ f6 29. f4 Rb6 30. g4 hxg4 31. Bxg4 Kf7 32. Ra7 R8b7 33. Rxb7 Qxb7
34. e5 dxe5 35. fxe5 fxe5 36. Qxe5 Nf6 37. Bf3 Qb8 38. Qd4 Bf5 39. Nce4 Bxe4
40. Nxe4 Nxe4 41. Bxe4 Nd7 42. d6 Nf6 43. Bd5+ Kg7 44. Re3 Rxd6 45. Re7+ Kh8
46. Qf4 1-0

[Event "Oberliga Ost A"]
[Site "?"]
[Date "2022.03.05"]
[Round "8.2"]
[White "Niering, Martin"]
[Black "Matthey, Harald"]
[Result "1-0"]
[WhiteElo "2166"]
[BlackElo "2098"]
[PlyCount "81"]
[EventDate "2021.10.10"]
[EventType "team-tourn"]
[EventCountry "GER"]
[WhiteTeam "Magdeburg SV Rochade"]
[BlackTeam "Dessau SK"]
[WhiteTeamCountry "GER"]
[BlackTeamCountry "GER"]

1. e4 Nf6 2. e5 Nd5 3. d4 Nb6 4. Nf3 d6 5. Be2 Nc6 6. exd6 cxd6 7. O-O g6 8.
Bg5 Bg7 9. c3 h6 10. Bf4 g5 11. Be3 O-O 12. h4 g4 13. Ne1 f5 14. g3 e6 15. Ng2
Bd7 16. Na3 Ne7 17. Nc4 Nxc4 18. Bxc4 b5 19. Bb3 a5 20. a3 Rf6 21. Nf4 Qe8 22.
Re1 Ng6 23. Qd2 Ne7 24. Rad1 Kh7 25. Qc2 Rc8 26. Bc1 Nc6 27. Nxe6 Bxe6 28. Bxe6
Qf8 29. Bxc8 Qxc8 30. Qd3 Qb7 31. Bf4 Ne7 32. d5 Ng6 33. Qd2 Bf8 34. h5 Nxf4
35. Qxf4 Qf7 36. Re3 Qxh5 37. Re6 Rf7 38. Rde1 Kg7 39. R1e2 Rc7 40. Qd4+ Kg8
41. Qf6 1-0

[Event "Oberliga Ost A"]
[Site "?"]
[Date "2022.03.05"]
[Round "8.3"]
[White "Schubert, Ralf"]
[Black "Kahe, Ralph"]
[Result "1/2-1/2"]
[WhiteElo "2109"]
[BlackElo "2170"]
[PlyCount "50"]
[EventDate "2021.10.10"]
[EventType "team-tourn"]
[EventCountry "GER"]
[WhiteTeam "Dessau SK"]
[BlackTeam "Magdeburg SV Rochade"]
[WhiteTeamCountry "GER"]
[BlackTeamCountry "GER"]

1. d4 g6 2. e4 Bg7 3. Nc3 a6 4. f4 d5 5. e5 Nh6 6. Nf3 Bg4 7. Be3 Nf5 8. Bf2 c5
9. dxc5 d4 10. Ne4 Bxf3 11. Qxf3 Qa5+ 12. c3 Nc6 13. Bc4 O-O 14. O-O dxc3 15.
Qxc3 Rad8 16. Rad1 Qxc3 17. Nxc3 Nfd4 18. Bd5 e6 19. Bxc6 Nxc6 20. Ne4 Nb4 21.
Bh4 Rxd1 22. Rxd1 Nd5 23. g3 Rc8 24. a3 h6 25. b4 g5 1/2-1/2

[Event "Oberliga Ost A"]
[Site "?"]
[Date "2022.03.05"]
[Round "8.4"]
[White "Schulze, Nick"]
[Black "Erler, Rainer"]
[Result "0-1"]
[WhiteElo "1953"]
[BlackElo "2100"]
[PlyCount "90"]
[EventDate "2021.10.10"]
[EventType "team-tourn"]
[EventCountry "GER"]
[WhiteTeam "Magdeburg SV Rochade"]
[BlackTeam "Dessau SK"]
[WhiteTeamCountry "GER"]
[BlackTeamCountry "GER"]

1. e4 e5 2. Nf3 Nc6 3. Bb5 a6 4. Ba4 Nf6 5. O-O Bc5 6. c3 b5 7. Bb3 d6 8. d4
exd4 9. cxd4 Bb6 10. Be3 Bg4 11. Nc3 O-O 12. Rc1 Na5 13. Bc2 Nc4 14. Bg5 Nxb2
15. Qd2 Nc4 16. Qd3 Bh5 17. Nd5 Bg6 18. Qb3 Re8 19. Rfe1 Ba5 20. Re2 c6 21.
Bxf6 gxf6 22. Nf4 Qd7 23. Bd3 d5 24. exd5 cxd5 25. Rcc2 Bc7 26. Bxg6 hxg6 27.
Nd3 Kg7 28. Nc5 Qd6 29. g3 Reb8 30. Nd2 Bb6 31. Nxc4 bxc4 32. Qa3 Bxc5 33. dxc5
Rb1+ 34. Kg2 Qc6 35. Qf3 Qxc5 36. Red2 Rd8 37. Rd3 d4 38. Qf4 Qd5+ 39. Rf3 f5
40. g4 fxg4 41. Qxg4 d3 42. Rd2 Re8 43. Qf4 Re5 44. Qf6+ Kg8 45. Kg3 Rg1+ 0-1

[Event "Oberliga Ost A"]
[Site "?"]
[Date "2022.03.05"]
[Round "8.6"]
[White "Enekwizu, Divine"]
[Black "Ozeran, Volodymyr"]
[Result "0-1"]
[WhiteElo "1846"]
[BlackElo "2081"]
[PlyCount "78"]
[EventDate "2021.10.10"]
[EventType "team-tourn"]
[EventCountry "GER"]
[WhiteTeam "Magdeburg SV Rochade"]
[BlackTeam "Dessau SK"]
[WhiteTeamCountry "GER"]
[BlackTeamCountry "GER"]

1. d4 d5 2. Bf4 Nf6 3. e3 Bf5 4. c4 e6 5. Qb3 Qc8 6. Nc3 c6 7. Rc1 dxc4 8. Bxc4
Be7 9. h3 O-O 10. Nf3 Nbd7 11. Nh4 Be4 12. Bxe6 fxe6 13. Qxe6+ Rf7 14. Nxe4
Nxe4 15. Qxe4 Bxh4 16. O-O Qe8 17. Qd3 Qe6 18. a4 Re8 19. b4 Qd5 20. b5 c5 21.
Bh2 cxd4 22. exd4 Bd8 23. Qc3 Ref8 24. Bg3 Bb6 25. Rfd1 Nf6 26. f3 Nh5 27. Bf2
Nf4 28. Rd2 Qg5 29. Be3 Nxh3+ 30. Kf1 Nf4 31. Rb2 Qh5 32. Bxf4 Rxf4 33. Qc4+
Kh8 34. Rd2 Qh1+ 35. Kf2 Qh4+ 36. Kf1 Bxd4 37. Qc7 Re8 38. Rxd4 Rxd4 39. Kg1
Re1+ 0-1

[Event "Oberliga Ost A"]
[Site "?"]
[Date "2022.03.05"]
[Round "8.7"]
[White "Schaefer, Sven"]
[Black "Weitz, Andreas"]
[Result "1/2-1/2"]
[WhiteElo "1987"]
[BlackElo "1917"]
[PlyCount "63"]
[EventDate "2021.10.10"]
[EventType "team-tourn"]
[EventCountry "GER"]
[WhiteTeam "Dessau SK"]
[BlackTeam "Magdeburg SV Rochade"]
[WhiteTeamCountry "GER"]
[BlackTeamCountry "GER"]

{[%evp 0,63,39,31,49,41,62,67,67,67,114,99,109,78,85,79,89,71,57,57,50,41,55,
46,50,38,65,43,45,11,62,-9,36,39,53,22,47,48,94,105,105,3,0,-58,-52,-59,-65,
-62,-62,-67,-64,-97,-72,-72,-64,-117,-106,-103,-75,-88,-81,-77,-63,-74,-63,-59]
} 1. e4 d5 2. exd5 Qxd5 3. Nc3 Qa5 4. d4 c6 5. Nf3 Nf6 6. Bc4 Bf5 7. Bd2 Qd8 8.
O-O e6 9. h3 Be7 10. Bb3 h6 11. Qe2 O-O 12. Rfe1 Re8 13. Rad1 Nd5 14. Nb1 b5
15. Bxd5 Qxd5 16. Nc3 Qd8 17. Ne4 a5 18. Bf4 Bxe4 19. Qxe4 Qd5 20. Qxd5 cxd5
21. Bxb8 Raxb8 22. Ne5 Rec8 23. Re2 Rb7 24. f4 Rbc7 25. Rdd2 Bb4 26. c3 Bd6 27.
a3 b4 28. cxb4 axb4 29. axb4 Bxb4 30. Rd3 f6 31. Nf3 Kf7 32. Rde3 1/2-1/2

[Event "Oberliga Ost A"]
[Site "?"]
[Date "2022.05.08"]
[Round "8.1"]
[White "Schunk, Thomas"]
[Black "Zwahr, Paul"]
[Result "0-1"]
[WhiteElo "2143"]
[BlackElo "2290"]
[PlyCount "68"]
[EventDate "2021.10.10"]
[EventType "team-tourn"]
[EventCountry "GER"]
[WhiteTeam "Leipzig SG II"]
[BlackTeam "Dresden SG Gruen Weiss"]
[WhiteTeamCountry "GER"]
[BlackTeamCountry "GER"]

1. c4 Nf6 2. Nc3 g6 3. g3 Bg7 4. Bg2 O-O 5. d4 d6 6. Nf3 c5 7. O-O Nc6 8. dxc5
dxc5 9. Be3 Be6 10. Qa4 Nd4 11. Ne5 Qc7 12. Nd3 Bd7 13. Qd1 Bf5 14. Bf4 Qa5 15.
e3 Rad8 16. Nxc5 Nc2 17. Nxb7 Rxd1 18. Nxa5 Rxa1 19. Rxa1 Nxa1 20. Nc6 Re8 21.
Be5 a6 22. b4 Be6 23. c5 Nc2 24. a4 Nd7 25. Bd4 Kf8 26. Bf1 Nb8 27. Bxg7+ Kxg7
28. Nxb8 Rxb8 29. b5 axb5 30. axb5 Ra8 31. b6 Ra1 32. h4 Nb4 33. Kg2 Bd7 34.
Bb5 Bc6+ 0-1

[Event "Oberliga Ost A"]
[Site "?"]
[Date "2022.05.08"]
[Round "8.2"]
[White "Dahl, Christoph"]
[Black "Pietzsch, Manuel"]
[Result "0-1"]
[WhiteElo "2368"]
[BlackElo "2099"]
[PlyCount "92"]
[EventDate "2021.10.10"]
[EventType "team-tourn"]
[EventCountry "GER"]
[WhiteTeam "Dresden SG Gruen Weiss"]
[BlackTeam "Leipzig SG II"]
[WhiteTeamCountry "GER"]
[BlackTeamCountry "GER"]

1. e4 c5 2. Nf3 Nc6 3. d4 cxd4 4. Nxd4 Nf6 5. Nc3 e5 6. Ndb5 d6 7. Bg5 a6 8.
Bxf6 gxf6 9. Na3 b5 10. Nd5 Bg7 11. c3 f5 12. exf5 Bxf5 13. Nc2 O-O 14. Nce3
Be6 15. Bd3 f5 16. Qh5 e4 17. Bc2 Ne7 18. Rd1 b4 19. O-O Ng6 20. f4 Kh8 21. g4
Bxd5 22. Nxd5 Ne7 23. Kh1 bxc3 24. bxc3 Nxd5 25. Rxd5 Qe8 26. Qxe8 Raxe8 27.
gxf5 Bxc3 28. Rf2 e3 29. Re2 Bd2 30. Rxd6 Rc8 31. Be4 Rg8 32. h3 Rc1+ 33. Kh2
Rf1 34. Bg2 Rxf4 35. Rxa6 Rxf5 36. Rd6 Rfg5 37. Bd5 Rf8 38. h4 Rg4 39. Kh3 Rd4
40. Rg2 Be1 41. Rg4 Rd3 42. Rf6 e2+ 43. Kg2 Re8 44. Re6 Rxe6 45. Bxe6 Rg3+ 46.
Kh1 Bf2 0-1

[Event "Oberliga Ost A"]
[Site "?"]
[Date "2022.05.08"]
[Round "8.3"]
[White "Roemling, Sven"]
[Black "Genkin, Michael"]
[Result "1/2-1/2"]
[WhiteElo "2203"]
[BlackElo "2271"]
[PlyCount "44"]
[EventDate "2021.10.10"]
[EventType "team-tourn"]
[EventCountry "GER"]
[WhiteTeam "Leipzig SG II"]
[BlackTeam "Dresden SG Gruen Weiss"]
[WhiteTeamCountry "GER"]
[BlackTeamCountry "GER"]

1. e4 c5 2. Nf3 d6 3. d4 cxd4 4. Nxd4 Nf6 5. Nc3 e6 6. Be3 a6 7. f3 Nc6 8. Qd2
Qc7 9. O-O-O h5 10. Kb1 Bd7 11. Be2 Be7 12. h3 h4 13. Rhe1 Nxd4 14. Qxd4 Bc6
15. Qb6 Qxb6 16. Bxb6 Rc8 17. Bc4 Nd7 18. Bd4 Ne5 19. Bb3 g5 20. Na4 Bxa4 21.
Bxa4+ b5 22. Bxe5 dxe5 1/2-1/2

[Event "Oberliga Ost A"]
[Site "?"]
[Date "2022.05.08"]
[Round "8.4"]
[White "Siedentopf, Daniel"]
[Black "Dietze, Frank"]
[Result "1-0"]
[WhiteElo "2262"]
[BlackElo "2057"]
[PlyCount "63"]
[EventDate "2021.10.10"]
[EventType "team-tourn"]
[EventCountry "GER"]
[WhiteTeam "Dresden SG Gruen Weiss"]
[BlackTeam "Leipzig SG II"]
[WhiteTeamCountry "GER"]
[BlackTeamCountry "GER"]

1. d4 Nf6 2. c4 g6 3. Nc3 Bg7 4. e4 d6 5. Nf3 O-O 6. h3 e5 7. d5 Na6 8. Bg5 h6
9. Be3 c6 10. Nd2 cxd5 11. cxd5 Nxe4 12. Ndxe4 f5 13. g4 fxe4 14. Bg2 Nc5 15.
Nxe4 Qa5+ 16. Kf1 Bd7 17. Nxc5 dxc5 18. Be4 g5 19. Kg2 Rf6 20. Qc2 Rc8 21. f3
Rd6 22. h4 gxh4 23. Rxh4 c4 24. Bd2 Qa6 25. Bc3 Qb6 26. Qd2 Qd8 27. Rah1 Bc6
28. Rh5 Bxd5 29. Rd1 Bxe4 30. Qxd6 Bd3 31. Qe6+ Kf8 32. Rf5+ 1-0

[Event "Oberliga Ost A"]
[Site "?"]
[Date "2022.05.08"]
[Round "8.5"]
[White "Haufe, Laurin"]
[Black "Nake, Matthias"]
[Result "1-0"]
[WhiteElo "2074"]
[BlackElo "2161"]
[PlyCount "71"]
[EventDate "2021.10.10"]
[EventType "team-tourn"]
[EventCountry "GER"]
[WhiteTeam "Leipzig SG II"]
[BlackTeam "Dresden SG Gruen Weiss"]
[WhiteTeamCountry "GER"]
[BlackTeamCountry "GER"]

1. e4 c5 2. Nf3 Nc6 3. d4 cxd4 4. Nxd4 g6 5. c4 Bg7 6. Be3 Nf6 7. Nc3 Ng4 8.
Qxg4 Nxd4 9. Qd1 Ne6 10. Qd2 O-O 11. Be2 d6 12. O-O b6 13. Rab1 Bb7 14. f3 Qd7
15. Rfc1 Rfc8 16. b4 Ba6 17. Nd5 Bb7 18. Rc2 Nc7 19. Nc3 Ne6 20. a3 Bc6 21. Kh1
Rf8 22. Nd5 Rad8 23. Ra2 Qb7 24. a4 Bxd5 25. cxd5 Nc7 26. Rc2 Rc8 27. Rbc1 Na6
28. Bb5 Nb8 29. Bc6 Nxc6 30. dxc6 Qa6 31. Ra2 b5 32. axb5 Qxb5 33. Ra5 Qb8 34.
Rxa7 d5 35. exd5 Rfd8 36. c7 1-0

[Event "Oberliga Ost A"]
[Site "?"]
[Date "2022.05.08"]
[Round "8.6"]
[White "Kunze, Christopher"]
[Black "Limpert, Michael"]
[Result "1/2-1/2"]
[WhiteElo "2118"]
[BlackElo "2119"]
[PlyCount "106"]
[EventDate "2021.10.10"]
[EventType "team-tourn"]
[EventCountry "GER"]
[WhiteTeam "Dresden SG Gruen Weiss"]
[BlackTeam "Leipzig SG II"]
[WhiteTeamCountry "GER"]
[BlackTeamCountry "GER"]

1. e4 c6 2. d3 d5 3. Nd2 e5 4. g3 Be6 5. Bg2 dxe4 6. dxe4 Bc5 7. Ngf3 f6 8. O-O
Ne7 9. Qe2 O-O 10. Nb3 Bb6 11. Rd1 Qc7 12. Be3 Na6 13. Nfd2 Bxe3 14. Qxe3 c5
15. Qc3 c4 16. Na5 b5 17. a3 Qb6 18. Nf1 Rad8 19. Ne3 Rd4 20. b3 cxb3 21. Nxb3
Rc8 22. Qb2 Rxd1+ 23. Rxd1 Nc5 24. Nxc5 Qxc5 25. Bf1 a6 26. a4 bxa4 27. Ra1 a5
28. Rxa4 Nc6 29. Bc4 Bxc4 30. Rxc4 Qa7 31. Qb5 Qa8 32. Nd5 Nd4 33. Rxc8+ Qxc8
34. Qxa5 Qxc2 35. Qd8+ Kf7 36. Qd7+ Kg6 37. Ne7+ Kg5 38. h4+ Kh5 39. Nf5 Qb1+
40. Kh2 Qxe4 41. Qf7+ Kg4 42. Qxg7+ Kf3 43. Nd6 Qg6 44. Qb7+ Kxf2 45. Qg2+ Ke3
46. Qg1+ Kd3 47. Qb1+ Ke2 48. Ne4 Ke3 49. Qe1+ Ne2 50. Nc3 Qc2 51. Nd1+ Ke4 52.
Kh3 Qc8+ 53. Kg2 Kd3 1/2-1/2

[Event "Oberliga Ost A"]
[Site "?"]
[Date "2022.05.08"]
[Round "8.7"]
[White "Greger, Ubald"]
[Black "Butscher, Daniel"]
[Result "1/2-1/2"]
[WhiteElo "2121"]
[BlackElo "2083"]
[PlyCount "84"]
[EventDate "2021.10.10"]
[EventType "team-tourn"]
[EventCountry "GER"]
[WhiteTeam "Leipzig SG II"]
[BlackTeam "Dresden SG Gruen Weiss"]
[WhiteTeamCountry "GER"]
[BlackTeamCountry "GER"]

1. e4 c5 2. c4 e5 3. Nc3 Nc6 4. g3 g6 5. Bg2 Bg7 6. Nge2 Nge7 7. d3 d6 8. O-O
O-O 9. Nd5 h6 10. a3 Be6 11. Rb1 f5 12. b4 Rb8 13. b5 Nd4 14. Nxd4 exd4 15. Re1
Bxd5 16. exd5 g5 17. Re6 Rf6 18. Rxf6 Bxf6 19. Qe2 Qd7 20. Bd2 Ng6 21. Qh5 Qg7
22. Bh3 Ne7 23. Re1 Rf8 24. Kh1 Kh7 25. Re6 g4 26. Bg2 Qg6 27. Qxg6+ Nxg6 28.
Rxd6 Ne5 29. Bf1 Rf7 30. Bf4 Ng6 31. Bd2 Ne5 32. Re6 Kg7 33. Bf4 Ng6 34. Bd2
Re7 35. Rxe7+ Bxe7 36. Be2 Ne5 37. Bf4 Bd6 38. Kg2 h5 39. h3 Kg6 40. hxg4 hxg4
41. f3 Kh5 42. Kf2 b6 1/2-1/2

[Event "Oberliga Ost A"]
[Site "?"]
[Date "2022.05.08"]
[Round "8.8"]
[White "Rensch, Toralf"]
[Black "Gempe, Thomas"]
[Result "1/2-1/2"]
[WhiteElo "2085"]
[BlackElo "2162"]
[PlyCount "45"]
[EventDate "2021.10.10"]
[EventType "team-tourn"]
[EventCountry "GER"]
[WhiteTeam "Dresden SG Gruen Weiss"]
[BlackTeam "Leipzig SG II"]
[WhiteTeamCountry "GER"]
[BlackTeamCountry "GER"]

1. e4 c6 2. d4 d5 3. e5 c5 4. dxc5 e6 5. Be3 Nd7 6. Nc3 Nxe5 7. f4 Nc6 8. Nf3
Nf6 9. Bb5 Bd7 10. O-O Be7 11. Ne5 O-O 12. Nxd7 Nxd7 13. Bxc6 bxc6 14. b4 a5
15. a3 axb4 16. axb4 Rxa1 17. Qxa1 Bf6 18. Rd1 Qb8 19. Qa3 e5 20. Ne2 Re8 21.
c4 exf4 22. Bxf4 Be5 23. Bxe5 1/2-1/2

[Event "Oberliga Ost A"]
[Site "?"]
[Date "2022.03.05"]
[Round "8.2"]
[White "Orsag, Milan"]
[Black "Richter, Leonard"]
[Result "1-0"]
[WhiteElo "2312"]
[BlackElo "2277"]
[PlyCount "73"]
[EventDate "2021.10.10"]
[EventType "team-tourn"]
[EventCountry "GER"]
[WhiteTeam "Hoyerswerda FVS ASP"]
[BlackTeam "Leipzig SG"]
[WhiteTeamCountry "GER"]
[BlackTeamCountry "GER"]

{[%evp 0,13,32,20,20,27,40,39,37,25,39,20,20,20,20,20]} 1. d4 Nf6 2. c4 g6 3.
Nc3 Bg7 4. e4 d6 5. f4 O-O 6. Nf3 c5 7. d5 b5 8. cxb5 a6 9. a4 axb5 10. Bxb5
Ba6 11. Rb1 Bxb5 12. axb5 Qa5 13. O-O Nbd7 14. Qe2 Ne8 15. e5 Nc7 16. Bd2 Rfe8
17. Rfe1 Rab8 18. e6 Nf8 19. exf7+ Kxf7 20. f5 Kg8 21. fxg6 hxg6 22. Ng5 Bf6
23. Qf3 Nxb5 24. Nce4 Qa8 25. Nxf6+ exf6 26. Ne4 Rxe4 27. Qxe4 f5 28. Qc4 Nc7
29. Bc3 Qxd5 30. Qh4 Nce6 31. Qh8+ Kf7 32. Qf6+ Kg8 33. Rbd1 Qb3 34. Rxd6 Rb6
35. Rexe6 Nxe6 36. Rd8+ Nxd8 37. Qg7# 1-0